Top 10 Milwaukee Bucks NBA Starters - Statistics

General Stats
  • This quiz has been taken 285 times
  • The average score is 13 of 31
Answer Stats
Team Player % Correct
2018-19, 2020-21 Giannis Antetokounmpo
99%
1969-70, 1970-71, 1971-72, 1973-74 Kareem Abdul-Jabbar
96%
2018-19, 2020-21 Khris Middleton
94%
2020-21 Jrue Holiday
91%
2018-19, 2020-21 Brook Lopez
89%
1970-71, 1971-72, 1973-74 Oscar Robertson
86%
1971-72 Lucius Allen
80%
2000-01 Ray Allen
80%
1982-83, 1983-84, 1985-86 Sidney Moncrief
74%
2018-19 Eric Bledsoe
55%
1982-83, 1983-84 Marques Johnson
54%
1969-70 Flynn Robinson
46%
2000-01 Glenn Robinson
46%
1969-70, 1970-71, 1971-72, 1973-74 Bob Dandridge
38%
1985-86 Terry Cummings
38%
1969-70, 1970-71 Greg Smith
36%
2018-19 Malcolm Brogdon
34%
2000-01 Sam Cassell
32%
2000-01 Scott Williams
32%
2020-21 Donte DiVincenzo
31%
1969-70, 1970-71, 1973-74 Jon McGlocklin
24%
1985-86 Paul Pressey
22%
1982-83, 1983-84 Bob Lanier
17%
1982-83, 1983-84 Alton Lister
13%
1985-86 Craig Hodges
6%
1985-86 Randy Breuer
4%
1971-72 Curtis Perry
3%
1982-83 Phil Ford
3%
2000-01 Mark Pope
2%
1973-74 Cornell Warner
1%
1983-84 Mike Dunleavy
1%
No matching quizzes found
Score Distribution
Percent of People with Each Score
Percentile by Number Answered
Your Score History
You have not taken this quiz